BIBLIOTECA PODER JUDICIAL
Portal Judicial TDF

Ley de cheque : (Registro nro. 1234)

000 -LEADER
fixed length control field 00999nam a2200289 4500
003 - CONTROL NUMBER IDENTIFIER
control field OSt
005 - DATE AND TIME OF LATEST TRANSACTION
control field 20180825093228.0
008 - FIXED-LENGTH DATA ELEMENTS--GENERAL INFORMATION
fixed length control field 180825b xxu||||| |||| 00| 0 spa d
020 ## - INTERNATIONAL STANDARD BOOK NUMBER
International Standard Book Number 9505082614
040 ## - CATALOGING SOURCE
Transcribing agency PJ
100 ## - ASIENTO PRINCIPAL - NOMBRE DE PERSONA
9 (RLIN) 1587
Personal name Giraldi, Pedro Mario
245 10 - MENCIÓN DE TÍTULO
Título propiamente dicho Ley de cheque :
Parte restante del título comentada y anota /
Mención de responsabilidad, etc Pedro Mario Giraldi.
260 ## - PUBLICATION, DISTRIBUTION, ETC. (IMPRINT)
Place of publication, distribution, etc Buenos Aires :
Name of publisher, distributor, etc Depalma,
Date of publication, distribution, etc 1988.
300 ## - DESCRIPCION FISICA
Extent xv, 336 p.
Dimensions 23 cm.
500 ## - NOTA GENERAL
General note Notas y citas a pie de página.
504 ## - NOTA DE BIBLIOGRAFÍA, ETC.
Bibliography, etc Bibliografía: p. 333-336.
505 ## - FORMATTED CONTENTS NOTE
Formatted contents note Contenido:<br/>Decreto 4776/63 con las modificaciones introducidas por la ley 23.549.
650 #0 - ASIENTO SECUNDARIO DE MATERIA - TERMINO TEMATICO
9 (RLIN) 1602
Topical term or geographic name as entry element DERECHO COMERCIAL
650 #0 - ASIENTO SECUNDARIO DE MATERIA - TERMINO TEMATICO
9 (RLIN) 1831
Topical term or geographic name as entry element TITULOS DE CRÉDITO
650 #0 - ASIENTO SECUNDARIO DE MATERIA - TERMINO TEMATICO
9 (RLIN) 1832
Topical term or geographic name as entry element CHEQUE
650 #0 - ASIENTO SECUNDARIO DE MATERIA - TERMINO TEMATICO
9 (RLIN) 1835
Topical term or geographic name as entry element LEY DE CHEQUES
653 ## - INDEX TERM--UNCONTROLLED
Uncontrolled term DECRETO LEY 4776/63
653 ## - INDEX TERM--UNCONTROLLED
Uncontrolled term LEY 23.549
710 ## - ASIENTO SECUNDARIO - NOMBRE CORPORATIVO
Corporate name or jurisdiction name as entry element Argentina. Leyes, decretos, etc. Decreto Ley 4776/63
9 (RLIN) 1838
710 ## - ASIENTO SECUNDARIO - NOMBRE CORPORATIVO
Corporate name or jurisdiction name as entry element Argentina. Leyes, decretos, etc. Ley nº 23.549
9 (RLIN) 1839
942 ## - ADDED ENTRY ELEMENTS (KOHA)
Source of classification or shelving scheme
Koha item type Libros
Classification part 347.748
Item part GIR
Existencias
Withdrawn status Lost status Source of classification or shelving scheme Damaged status Not for loan Permanent Location Current Location Date acquired Total Checkouts Full call number Barcode Date last seen Date checked out Price effective from Koha item type
          Biblioteca Poder Judicial Sur Biblioteca Poder Judicial Sur 2018-08-25 1 347.748 GIR 1126 2021-12-02 2021-07-14 2018-08-25 Libros

12 de Octubre 789 Ushuaia - Tel:  54(02901)441571
Horario de Atención: 8.00 a 17.00 hs. 
bibliotecaush@justierradelfuego.gov.ar
koha@justierradelfuego.gov.ar
Seguinos en nuestras redes @bibliojustdf 

Con tecnología Koha